2025 MLB Silver Slugger Award Winners - Statistics

General Stats
  • This quiz has been taken 30 times
  • The average score is 17 of 20
Answer Stats
Position Team Answer % Correct
OF Yankees Aaron Judge
100%
C Mariners Cal Raleigh
100%
2B Diamondbacks Ketel Marte
100%
SS Royals Bobby Witt Jr.
96%
3B Guardians Jose Ramirez
96%
3B Padres Manny Machado
96%
1B Mets Pete Alonso
96%
DH Dodgers Shohei Ohtani
96%
OF Twins Byron Buxton
89%
OF Mets Juan Soto
89%
1B A's Nick Kurtz
89%
OF Diamondbacks Corbin Carroll
85%
OF Tigers Riley Greene
85%
DH Blue Jays George Springer
81%
OF Cubs Kyle Tucker
81%
SS Diamondbacks Geraldo Perdomo
70%
2B Yankees Jazz Chisholm Jr.
70%
C Rockies Hunter Goodman
63%
Utility Tigers Zack McKinstry
56%
Utility Cardinals Alec Burleson
26%
No matching quizzes found
Score Distribution
Percent of People with Each Score
Percentile by Number Answered
Your Score History
You have not taken this quiz